Surfařská akademie
| Other Authors: | , |
|---|---|
| Format: | Video DVD |
| Language: | Czech English Hungarian |
| PhysicalDescription: | 1 videodisk (DVD) (83 min.) fareb., zvuk. 12 cm |
| Published: |
Bratislava
Intersonic
2010
|
| Series: | Svět komedie
|
| Subjects: |
MARC
| LEADER | 00000ngm a2200000 a 4500 | ||
|---|---|---|---|
| 001 | vtls010293681 | ||
| 003 | SK-MaSNL | ||
| 005 | 20260301213546.0 | ||
| 007 | vd cvaizu | ||
| 008 | 110721p2010 xo 083 vlcze | ||
| 015 | |a SNBJ2011 | ||
| 040 | |a SNK |b slo |c SNK |e AACR2 | ||
| 041 | 1 | |a cze |a eng |a hun |b cze |b hun |h eng | |
| 044 | |a xo |c SK | ||
| 072 | 7 | |a 791 |x Film. Cirkus. Ľudová zábava |2 konspekt | |
| 080 | |a 791.221/.228 |2 2001 | ||
| 080 | |a 791.221.2 |2 2001 | ||
| 080 | |a (0.034.44) |2 2001 | ||
| 130 | 0 | |a Surf school |l Česky |9 600657 | |
| 245 | 1 | 0 | |a Surfařská akademie |h videozáznam |c [réžia] Joel Silverman |
| 260 | |a Bratislava |b Intersonic |c 2010 | ||
| 300 | |a 1 videodisk (DVD) (83 min.) |b fareb., zvuk. |c 12 cm | ||
| 490 | 1 | |a Svět komedie |v 19 | |
| 500 | |a Americký celovečerný hraný film z roku 2006 | ||
| 500 | |a Vyšlo ako príloha mesačníka DVD HIT 69 č. 16/2010 | ||
| 511 | 0 | |a Hrajú: Harland Williams a ďalší | |
| 521 | 8 | |a Vhodné od 15 rokov | |
| 538 | |a DVD video 9; zvuk DD 5.1; obraz 16:9 MPEG2/PAL; región 2 | ||
| 546 | |a V originálnom anglickom znení, dabing česky, maďarsky, titulky česky, maďarsky | ||
| 650 | 0 | 7 | |a hrané filmy |2 SNKPH |9 68885 |
| 650 | 0 | 7 | |a filmové komédie |2 SNKPH |9 326988 |
| 655 | 7 | |a DVD |2 SNKPH |9 70751 | |
| 700 | 1 | |a Silverman, Joel |4 drt |9 600658 | |
| 700 | 1 | |a Williams, Harland, |d 1962- |4 act |9 600659 | |
| 830 | 0 | |a Svět komedie |9 328247 | |
| 999 | |c 922011 |d 923941 | ||
| 952 | |a SNK |b SNK |y PREZ |7 0 |p 17A0707954 |o snkSDVD 1321 |i snk2011/15821 |8 0 |0 0 |1 0 |4 0 |d 2011-07-21 |l 0 |r 2026-02-24 08:19:28 |w 2026-02-24 | ||
| 952 | |a SNK |b SNK |y PREZ |7 0 |p 17A0707955 |o snkSDVD 1321 D1 |i snk2011/15822 |8 0 |0 0 |1 0 |4 0 |d 2011-07-21 |l 0 |r 2026-02-24 08:19:28 |w 2026-02-24 | ||


